| 000 | 00547nam a2200181 4500 | ||
|---|---|---|---|
| 008 | 151201b xxu||||| |||| 00| 0 eng d | ||
| 020 | _a0618501584 | ||
| 082 |
_2c2005 _bL331 _aDK12 516 |
||
| 100 |
_9775 _aLarson, Ron |
||
| 245 |
_aGeometry: _bconcepts and skills/ _cRon Larson |
||
| 250 | _aTeacher's edition. | ||
| 260 |
_aEvanston, Illinois: _bMcDougal Littell, _cc2005. |
||
| 300 |
_a1F, 792 pages: _billustrations; _c25 cm. |
||
| 500 | _aIncludes glossary and index. | ||
| 650 | 0 |
_91220 _aGeometry |
|
| 700 |
_9778 _aStiff, Lee |
||
| 942 |
_2ddc _cBK |
||
| 999 |
_c325 _d325 |
||